000 00619cam a22001577a 4500
008 180718b2003 xxu||||| |||| 00| 0 eng d
082 _aAPPPA 2002-03 CHA/6
100 _aChakrabarty, Dolly
245 _aProtection of plant varieties and farmers' rights: intellectual property rights in the context of Indian agriculture
_cby Dolly Chakrabarty
260 _aNew Delhi
_bIndian Institute of Public Administration
_c2003
300 _a139p.
500 _aAn APPPA M.Phil dissertation, 2002-03 (Guide: T.K. Saha)
650 _aAPPPA
650 _aAgriculture and state - India
650 _aIntellectual proper by rights
999 _c492692
_d492692